00422nam a2200145 i 450000100060000000300090000600500170001500700030003200800410003510000190007624500980009526000400019330000220023385200210025595811ES-MaACL20230906181757.0t|050606s1905 mx ||||1| spa d1 aMacedo, Pablo.13aLa evolución mercantil b: comunicaciones y obras públicas. La Hacienda / cPablo Macedo. aMéxico : bJ. Ballescá, c1905. a617 p. ; c21 cm. aES-MaACLjF-1834